Loading...
| Science - Other | 0 | 4 | 0 | 1 | 40 | 64 | 91.50 | 0 | 4 | 9.98 | 28.81 |
| Literature - British | 0 | 3 | 0 | 0 | 30 | 16 | 43.33 | 2 | 3 | 18.73 | 25.71 |
| Literature - American | 0 | 3 | 0 | 0 | 30 | 51 | 58.67 | 1 | 3 | 15.03 | 26.90 |
| Science - Chemistry | 0 | 3 | 1 | 2 | 25 | 74 | 95.33 | 1 | 1 | 2.39 | 9.17 |
| Literature - European | 0 | 3 | 1 | 0 | 25 | 36 | 56.00 | 2 | 3 | 14.65 | 25.48 |
| Philosophy | 0 | 2 | 0 | 0 | 20 | 86 | 98.00 | 0 | 1 | 2.36 | 11.90 |
| History - World | 0 | 2 | 0 | 0 | 20 | 56 | 71.50 | 0 | 2 | 6.69 | 12.86 |
| Literature - World | 0 | 1 | 0 | 0 | 10 | 65 | 65.00 | 1 | 1 | 4.35 | 10.00 |
| Mythology | 0 | 1 | 0 | 0 | 10 | 60 | 60.00 | 1 | 1 | 4.74 | 10.00 |
| Religion | 0 | 1 | 0 | 0 | 10 | 95 | 95.00 | 0 | 0 | 3.07 | 2.86 |
| Science - Biology | 0 | 1 | 0 | 0 | 10 | 68 | 68.00 | 0 | 0 | 2.77 | 5.00 |
| Science - Physics | 0 | 1 | 1 | 1 | 5 | 90 | 90.00 | 0 | 1 | 1.74 | 6.67 |
| History - Other | 0 | 1 | 1 | 1 | 5 | 110 | 110.00 | 0 | 0 | 0.00 | 1.67 |